[Event "NCA-chT 1st Stage"]
[Site "Managua"]
[Date "2021.09.26"]
[Round "2.3"]
[White "Berrios, Natanael"]
[Black "Pomares, Enrique"]
[Result "0-1"]
[WhiteElo "1826"]
[BlackElo "1731"]
[PlyCount "85"]
[EventDate "2021.09.25"]
[EventType "team-swiss"]
[EventRounds "9"]
[EventCountry "NCA"]
[SourceTitle "EXT 2023"]
[Source "ChessBase"]
[SourceDate "2022.10.05"]
[SourceVersion "1"]
[SourceVersionDate "2022.10.05"]
[SourceQuality "1"]
[WhiteTeam "Jose Raul Capablanca"]
[BlackTeam "Diamante de Las Segovias"]
[WhiteTeamCountry "NCA"]
[BlackTeamCountry "NCA"]

1. e4 g6 2. d4 Bg7 3. c3 d6 4. f4 e5 5. Nf3 Nd7 6. Be3 Ngf6 7. Nbd2 Ng4 8. Qe2 Nxe3 9. Qxe3 Bh6 10. g3 0-0 11. Bc4 c6 12. dxe5 dxe5 13. 0-0-0 exf4 14. gxf4 Qb6 15. Nd4 Ne5 16. Bb3 c5 17. Ne2 Bg4 18. Rhf1 c4 19. Qxb6 axb6 20. Nxc4 Bxe2 21. Nxe5 Bxd1 22. Kxd1 Rad8+ 23. Bd5 Bg7 24. Nd3 Kh8 25. Kc2 f5 26. Bxb7 fxe4 27. Bxe4 Rfe8 28. Re1 Re7 29. Bc6 Rxe1 30. Nxe1 Bh6 31. Nd3 Rf8 32. b4 Bxf4 33. Nxf4 Rxf4 34. h3 Kg7 35. a4 Rf5 36. c4 Kf7 37. c5 bxc5 38. b5 Ke7 39. a5 Kd6 40. a6 Rf7 41. Bb7 Rxb7 42. axb7 Kc7 43. Kc3 0-1

[Event "NCA-chT 1st Stage"]
[Site "Managua"]
[Date "2021.09.26"]
[Round "3.3"]
[White "Pomares, Enrique"]
[Black "David, Alarcon"]
[Result "0-1"]
[WhiteElo "1731"]
[BlackElo "2007"]
[PlyCount "46"]
[EventDate "2021.09.25"]
[EventType "team-swiss"]
[EventRounds "9"]
[EventCountry "NCA"]
[SourceTitle "EXT 2023"]
[Source "ChessBase"]
[SourceDate "2022.10.05"]
[SourceVersion "1"]
[SourceVersionDate "2022.10.05"]
[SourceQuality "1"]
[WhiteTeam "Diamante de Las Segovias"]
[BlackTeam "Clemente Guido"]
[WhiteTeamCountry "NCA"]
[BlackTeamCountry "NCA"]

1. e4 e6 2. d4 d5 3. e5 c5 4. c3 Nc6 5. Nf3 Bd7 6. a3 a5 7. Bb5 Nxe5 8. Bxd7+ Nxd7 9. 0-0 Ngf6 10. Nbd2 Bd6 11. Re1 0-0 12. Nf1 Ne4 13. Ng3 f5 14. Nh5 Qc7 15. Rxe4 dxe4 16. Ng5 Rae8 17. Nxg7 Kxg7 18. Nxh7 Nf6 19. Nxf8 Rxf8 20. Qd2 Bxh2+ 21. Kf1 f4 22. f3 cxd4 23. fxe4 Qc4+ 0-1

[Event "NCA-chT 1st Stage"]
[Site "Managua"]
[Date "2021.09.25"]
[Round "1.2"]
[White "Moncada, Orlando Jose"]
[Black "Pomares, Enrique"]
[Result "0-1"]
[WhiteElo "1473"]
[BlackElo "1731"]
[PlyCount "54"]
[EventDate "2021.09.25"]
[EventType "team-swiss"]
[EventRounds "9"]
[EventCountry "NCA"]
[SourceTitle "EXT 2023"]
[Source "ChessBase"]
[SourceDate "2022.10.05"]
[SourceVersion "1"]
[SourceVersionDate "2022.10.05"]
[SourceQuality "1"]
[WhiteTeam "Ciudad Sandino"]
[BlackTeam "Diamante de Las Segovias"]
[WhiteTeamCountry "NCA"]
[BlackTeamCountry "NCA"]

1. d4 Nf6 2. Bf4 g6 3. c4 Bg7 4. Nc3 d6 5. e3 0-0 6. Bd3 Nc6 7. Rc1 Re8 8. d5 Ne5 9. Bxe5 dxe5 10. e4 Nh5 11. Nge2 Bh6 12. 0-0 Bxc1 13. Qxc1 e6 14. f4 Qd6 15. fxe5 Qxe5 16. Kh1 Bd7 17. Nf4 Nxf4 18. Rxf4 Rf8 19. Qf1 Rab8 20. g3 a6 21. a4 c6 22. Qc1 b5 23. dxc6 Bxc6 24. axb5 axb5 25. cxb5 Bb7 26. Kg1 Qd4+ 27. Kg2 Qxd3 0-1

[Event "NCA-chT 1st Stage"]
[Site "Managua"]
[Date "2020.10.10"]
[Round "6.25"]
[White "Ulloa Diaz, Felipe Josue"]
[Black "Pomares, Enrique"]
[Result "1-0"]
[WhiteElo "1462"]
[BlackElo "1734"]
[PlyCount "65"]
[EventDate "2020.10.03"]
[EventType "team-swiss"]
[EventRounds "9"]
[EventCountry "NCA"]
[SourceTitle "EXT 2022"]
[Source "ChessBase"]
[SourceDate "2021.10.06"]
[SourceVersion "1"]
[SourceVersionDate "2021.10.06"]
[SourceQuality "1"]

1. e4 g6 2. d4 Bg7 3. Nf3 d6 4. Be3 Nf6 5. Nc3 0-0 6. Qd2 c6 7. Bd3 b5 8. Bh6 b4 9. Ne2 a5 10. h4 Ng4 11. Bxg7 Kxg7 12. h5 Rh8 13. Ng3 e5 14. h6+ Kf8 15. Bc4 d5 16. dxe5 Ba6 17. Bxa6 Nxa6 18. exd5 Qxd5 19. Qxd5 cxd5 20. Rh4 f5 21. exf6 Re8+ 22. Kf1 Nxf6 23. Rf4 Re6 24. Ng5 Rc6 25. Re1 Nc5 26. Ne2 Nce4 27. Nd4 Rb6 28. Nxe4 dxe4 29. Rexe4 Kf7 30. Re5 Ra8 31. g4 Kg8 32. Re7 Re8 33. Rxf6 1-0

[Event "NCA-chT 1st Stage"]
[Site "Managua"]
[Date "2020.10.04"]
[Round "3.17"]
[White "Pomares, Enrique"]
[Black "Mejia, Donaldo"]
[Result "1/2-1/2"]
[WhiteElo "1734"]
[BlackElo "1876"]
[PlyCount "72"]
[EventDate "2020.10.03"]
[EventType "team-swiss"]
[EventRounds "9"]
[EventCountry "NCA"]
[SourceTitle "EXT 2022"]
[Source "ChessBase"]
[SourceDate "2021.10.06"]
[SourceVersion "1"]
[SourceVersionDate "2021.10.06"]
[SourceQuality "1"]

1. e4 e5 2. Nf3 Nc6 3. Bc4 Nf6 4. d3 Bc5 5. 0-0 h6 6. c3 d6 7. Re1 0-0 8. Nbd2 Ng4 9. Rf1 Be6 10. h3 Bxc4 11. Nxc4 Nxf2 12. Rxf2 Bxf2+ 13. Kxf2 f5 14. exf5 Rxf5 15. Kg1 d5 16. Ne3 Rf7 17. Qb3 e4 18. dxe4 dxe4 19. Nh2 Qf6 20. Nhg4 Qd6 21. Nf5 Qc5+ 22. Nfe3 Raf8 23. Bd2 Kh7 24. Qc4 Qxc4 25. Nxc4 h5 26. Nge5 Nxe5 27. Nxe5 Rf2 28. Be3 Re2 29. Bd4 Rxb2 30. Re1 Rxa2 31. Rxe4 Ra1+ 32. Kh2 Rff1 33. Nf3 b6 34. Re7 c5 35. Bxg7 Ra2 36. Kg3 Rff2 1/2-1/2

[Event "Managua Hurtado Memorial 15th"]
[Site "Managua"]
[Date "2015.12.28"]
[Round "5"]
[White "Rios, Edgard"]
[Black "Pomares, Enrique"]
[Result "1-0"]
[WhiteElo "1887"]
[BlackElo "1747"]
[PlyCount "79"]
[EventDate "2015.12.26"]
[EventType "swiss"]
[EventRounds "9"]
[EventCountry "NCA"]
[SourceTitle "CBM 170 Extra"]
[Source "ChessBase"]
[SourceDate "2016.02.25"]
[SourceVersion "1"]
[SourceVersionDate "2016.02.25"]
[SourceQuality "1"]

1. d4 Nf6 2. Bf4 g6 3. e3 Bg7 4. Nf3 d6 5. h3 0-0 6. Be2 c5 7. c3 a6 8. 0-0 Nbd7 9. Nbd2 b6 10. Rc1 Bb7 11. b4 cxb4 12. cxb4 Rc8 13. a4 Nd5 14. Qb3 Nxf4 15. exf4 Nf6 16. Bd3 Nd5 17. f5 Nf4 18. fxg6 hxg6 19. Rfe1 Nxd3 20. Qxd3 e6 21. Ne4 Qd7 22. b5 axb5 23. Rxc8 Rxc8 24. axb5 Bxe4 25. Rxe4 Rc1+ 26. Re1 Rxe1+ 27. Nxe1 Qc7 28. Nf3 Kf8 29. d5 e5 30. Nd2 Qc1+ 31. Kh2 Bh6 32. Nc4 Qf4+ 33. Kg1 Qc1+ 34. Qf1 Ke7 35. Qxc1 Bxc1 36. Nxb6 Kd8 37. Kf1 Bg5 38. Ke2 f5 39. f3 Kc7 40. Nc4 1-0